Guess the Middle Eastern country by the picture - Statistics

General Stats
  • This quiz has been taken 39 times
  • The average score is 11 of 16
Answer Stats
Picture Answer % Correct
Israel
94%
Qatar
84%
United Arab Emirates
84%
Bahrain
78%
Lebanon
75%
Saudi Arabia
75%
Turkey
75%
Egypt
72%
Syria
72%
Iran
69%
Yemen
69%
Kuwait
66%
Oman
66%
Iraq
63%
Jordan
56%
Cyprus
50%
No matching quizzes found
Score Distribution
Percent of People with Each Score
Percentile by Number Answered
Your Score History
You have not taken this quiz